Heminegligencia visuo-espacial: aspectos clínicos, teóricos y tratamiento (Record no. 174461)
[ view plain ]
| 000 -CABECERA | |
|---|---|
| campo de control de longitud fija | 02387nab a2200361 a 4500 |
| 005 - FECHA Y HORA DE LA ÚLTIMA TRANSACCIÓN | |
| campo de control | 20210219162342.0 |
| 008 - ELEMENTOS DE LONGITUD FIJA--INFORMACIÓN GENERAL | |
| campo de control de longitud fija | 991125s1985 mx 000 0 spa u |
| 035 ## - NÚMERO DE CONTROL DEL SISTEMA | |
| Número de control de sistema | UPN01000202360 |
| 049 ## - COLECCIÓN | |
| Colección | ART-E |
| 100 1# - ASIENTO PRINCIPAL--NOMBRE PERSONAL | |
| Nombre de persona | Aparicio López, Celeste |
| 100 1# - ASIENTO PRINCIPAL--NOMBRE PERSONAL | |
| Nombre de persona | García Molina, Alberto |
| 100 1# - ASIENTO PRINCIPAL--NOMBRE PERSONAL | |
| Nombre de persona | Enseñat Cantallops, Antonia |
| 100 1# - ASIENTO PRINCIPAL--NOMBRE PERSONAL | |
| Nombre de persona | Sánchez Carrión, Rocío |
| 100 1# - ASIENTO PRINCIPAL--NOMBRE PERSONAL | |
| Nombre de persona | Muriel, Vega |
| 100 1# - ASIENTO PRINCIPAL--NOMBRE PERSONAL | |
| Nombre de persona | Tormos, José María |
| 100 1# - ASIENTO PRINCIPAL--NOMBRE PERSONAL | |
| Nombre de persona | Roig Rovira, Teresa |
| 222 #0 - TÍTULO CLAVE | |
| Título clave | ACCION PSICOLOGICA |
| 245 00 - MENCIÓN DE TÍTULO | |
| Título | Heminegligencia visuo-espacial: aspectos clínicos, teóricos y tratamiento |
| 260 ## - PUBLICACIÓN, DISTRIBUCIÓN, ETC. | |
| Lugar de publicación, distribución, etc. | España |
| 300 ## - DESCRIPCIÓN FÍSICA | |
| Extensión | 95-106 |
| 362 0# - FECHAS DE PUBLICACIÓN Y/O DESIGNACIÓN SECUENCIAL | |
| Fecha de publicación y/o designación secuencial | 2014 Vol. 11, no. 1 |
| 336 ## - TIPO DE CONTENIDO | |
| Término de tipo de contenido | texto$2rdacontent |
| 337 ## - TIPO DE MEDIO | |
| Nombre/término del tipo de medio | computadora$2rdamedia |
| 338 ## - TIPO DE SOPORTE | |
| Nombre/término del tipo de soporte | recurso en linea$2rdacarrier |
| 520 3# - NOTA DE RESUMEN, ETC. | |
| Sumario, etc. | Objetivo: Realizar una revisión descriptiva sobre la heminegligencia visuo-espacial asociada a accidentes cerebro-vasculares. Se abordan los aspectos clínicos y teóricos más relevantes, así como las diferentes técnicas de intervención utilizadas actualmente. Desarrollo: La heminegligencia visuo-espacial es un déficit neuropsicológico multimodal asociado a lesiones cerebrales, principalmente de origen vascular. Su presencia implica una recuperación más lenta, mayor discapacidad y una respuesta precaria a la rehabilitación. Aunque la recuperación espontánea puede ocurrir en el transcurso de las primeras semanas o meses, el paso del tiempo no necesariamente implica una mejora de los síntomas. A día de hoy se han desarrollado múltiples estrategias de rehabilitación, pero son muy pocas las que demuestran efectos perdurables en el tiempo. Conclusiones: La adaptación de prismas es la técnica con la que se obtienen mejores resultados, aunque existen controversias respecto a sus beneficios a largo plazo. Las diferentes intervenciones que se describen en el artículo tienen un impacto transitorio y los resultados no acostumbran a traducirse en una mejora en las actividades de vida diaria. Las tendencias actuales apuestan por la aplicación combinada de diferentes técnicas. |
| 653 0# - TERMINO DE INDIZACION - NO CONTROLADO | |
| Término no controlado | HEMINEGLIGENCIA |
| 653 0# - TERMINO DE INDIZACION - NO CONTROLADO | |
| Término no controlado | REHABILITACION COGNITIVA |
| 653 0# - TERMINO DE INDIZACION - NO CONTROLADO | |
| Término no controlado | NEUROPSICOLOGIA |
| 653 0# - TERMINO DE INDIZACION - NO CONTROLADO | |
| Término no controlado | ICTUS |
| 856 4# - LOCALIZACIÓN Y ACCESO ELECTRÓNICOS | |
| Identificador Uniforme del Recurso | <a href="http://revistas.uned.es/index.php/accionpsicologica/article/view/13914/12728">http://revistas.uned.es/index.php/accionpsicologica/article/view/13914/12728</a> |
| 905 ## - TIPO DE MATERIAL | |
| Tipo de material | Articulo |
No items available.
